| 000 | 00691nam a2200205 4500 | ||
|---|---|---|---|
| 001 | 143494 | ||
| 003 | ES-MaACL | ||
| 005 | 20240422105731.0 | ||
| 007 | t| | ||
| 008 | 070214s1968 sp r ||||1| spa d | ||
| 100 | 1 |
_aSeoane, María Cruz. _9105491 |
|
| 245 | 1 | 3 |
_aEl primer lenguaje constitucional español _b: ( Las Cortes de Cádiz) / _cMaría Cruz Seoane ; prólogo de Rafael Lapesa. |
| 260 |
_aMadrid : _bMoneda y Crédito, _c1968. |
||
| 300 |
_a220 p. ; _c21 cm. |
||
| 490 | 1 |
_aEstudios de humanidades ; _v5 |
|
| 700 | 0 |
_aLapesa, Rafael, _d1908-2001 _970146 |
|
| 830 | 0 |
_aEstudios de humanidades ; _v5 _9184312 |
|
| 852 |
_aES-MaACL _jG-7370 _bR.65626 |
||
| 999 |
_c143494 _d143494 |
||